LEADER 01196nam a2200265 a 4500 001 000000133779 003 CaOOAMICUS 005 20130507112911.0 008 130507s2005 it m u000 u ita d 040 $aANG$bita$dPUL 100 1 $aNoceti, Serena.$0(OLS)http://pul/name/51069 245 13$aLa Chiesa segno del regno :$bl'ecclesiologia ecumenica di Wolfhart Pannenberg /$cauctore Serena Noceti. 260 $aFlorentiae :$b[s.n.],$c2005. 300 $a294, ii p.$c24 cm 502 $aEstratto da tesi di Dottorato--Facoltà Teologica dell'Italia Centrale, 2005. 504 $aBibliografia: p. 163-289. 600 14$aPannenberg, Wolfhart,$d1928-2014.$0(OLS)http://pul/subject/9810 650 4$aEcclesiologia.$0(OLS)http://pul/subject/22628 710 22$aFacoltà teologica dell'Italia centrale.$kTesi.$0(OLS)http://pul/name/82533 850 $aPUL 852 $aPUL$W1$xDP1 Tesi Fac. It. Centrale$y118$m2005 B 2$j94978$qTesi$B153333$CPULBib$Z2$F153333 $82 941 1 $a16 996 $6245$aLa Chiesa segno del regno :$bl'ecclesiologia ecumenica di Wolfhart Pannenberg$9(OLS)http://pul/title/169098 996 $6260$aFlorentiae :$b[s.n.]$9(OLS)http://pul/publisher/65254 LEADER 01302nam a2200265 a 4500 001 000000174202 003 CaOOAMICUS 005 20210202111855.0 008 210202s2020 it frm z000 u ita r 032 $aLibriCat 040 $aPUL$bita 100 1 $aGrosso, Mauro,$d1977-$0(OLS)http://pul/name/64056 245 11$a"Purificare la sorgente" :$bmale, conoscenza per connaturalità e pratica letteraria del romanzo in J. Maritain / $cMauro Grosso. 260 $aMilano ; Udine :$bMimesis,$c2020. 300 $a490 p.;$c24 cm 502 $aEstratto da Tesi di Dottorato--Facoltà di filosofia--Pontificia Università Gregoriana, 2020. 504 $aBibliografia: p.[469]-482. 600 14$aMaritain, Jacques,$d1882-1973$xCritica e interpretazione.$0(OLS)http://pul/subject/4980 710 2 $aPontificia Università Gregoriana.$bFacoltà di filosofia.$kTesi.$0(OLS)http://pul/name/82053 850 $aPUL 852 $aPUL$W1$xDP1 Tesi Pon. Univ. Gregoriana$y40$m2020 A 4$j197726$qTesi$B203124$CPULBib$Z2$F203124 $82 941 1 $a16 996 $6245$a"Purificare la sorgente" :$bmale, conoscenza per connaturalità e pratica letteraria del romanzo in J. Maritain / $9(OLS)http://pul/title/215431 996 $6260$aMilano ; Udine :$bMimesis$9(OLS)http://pul/publisher/81060